Cavalos (Record no. 45025)

MARC details
000 -Etiqueta do registo
Valores 00350nam a2200157 4500
100 ## - Dados gerais de processamento
Dados gerais 20251024 pory50
101 ## - Língua de publicação
Língua por
102 ## - País de publicação
País PT
200 ## - Titulo e menção de responsabilidade
Título próprio Cavalos
Informação de outro título conhecer e reconhecer
210 ## - Publicação
Local de publicação Colónia
Nome do editor Vemag Verlags
Data de publicação [S.d.]
215 ## - Descrição física 
Paginação / Volumes 128 p.
Outras indicações físicas il.
675 ## - CDU
Notação 599.72
801 ## - Fonte de origem
País PT
Regras de catalogação RPC
990 ## - Elementos KOHA
Tipo de documento Livro
Holdings
Aquisição Empréstimo Código de barras Cota Permissão de empréstimo Tipo de documento
Biblioteca Itinerante Biblioteca Itinerante 055353 599.72 CAV   Livro

Powered by Koha